|
|
|
|
| LEADER |
00000nam a2200000 a 4500 |
| 001 |
vtls001104163 |
| 003 |
SK-MaSNL |
| 005 |
20260302020200.0 |
| 008 |
250414s1976 xo 0 slo |
| 015 |
|
|
|a SNBA1977
|
| 035 |
|
|
|a SNK000047005
|
| 040 |
|
|
|a SNK
|b slo
|c SNK
|e AACR2
|
| 041 |
0 |
|
|a slo
|
| 044 |
|
|
|a xo
|c SK
|
| 080 |
|
|
|a 885.4-3
|2 1981
|
| 080 |
|
|
|a 885.4-1
|2 1981
|
| 100 |
1 |
|
|a Hurban, Jozef Miloslav,
|d 1817-1888
|4 aut
|9 93005
|
| 245 |
1 |
0 |
|a Slovenskí žiaci
|c Jozef Miloslav HURBAN ; Jozef Miloslav Hurban, Július Noge, Viera Bosáková-Surová, Ján Krížik
|
| 250 |
|
|
|a 1. vyd.
|
| 260 |
|
|
|a Bratislava
|b Tatran
|c 1976
|e Vimperk
|f Stráž
|
| 300 |
|
|
|a 405 s., 20,40 AH
|c 20 cm
|
| 366 |
|
|
|e 8000 výtl.
|
| 490 |
0 |
|
|a Slovenská tvorba. Zv. 66.
|
| 500 |
|
|
|a Kniha obsahuje romány Slovenskí žiaci, Gotšalk a verš. skladbu Zrínsky na Sihoti.
|
| 700 |
1 |
|
|a Hurban, Jozef Miloslav,
|d 1817-1888
|4 aut
|9 93005
|
| 700 |
1 |
|
|a Noge, Július,
|d 1931-1993
|4 trl
|9 37646
|
| 700 |
1 |
|
|a Bosáková-Surová, Viera
|4 [ADC]
|9 60651
|
| 700 |
1 |
|
|a Krížik, Ján,
|d 1943-
|4 bkd
|9 37047
|
| 852 |
|
|
|a Slovenská národná knižnica
|
| 954 |
|
|
|a Slovenské povstanie r. 1948 (stvárnenia literárne)
|a Šulič Zrínsky, Mikuláš (stvárnenia literárne)
|a Slovania
|
| 958 |
|
|
|a OND
|
| 958 |
|
|
|a TL
|
| 999 |
|
|
|c 1024113
|d 1026043
|
| 952 |
|
|
|a SNK
|b SNK
|y VYP
|7 0
|p 17A1022262
|o snkSC 40131 D1
|i snkKSP 496/77
|0 0
|1 0
|4 0
|d 2014-07-14
|l 0
|r 2026-02-24 13:33:58
|w 2026-02-24
|